[Event "Davos op 6th"]
[Site "Davos"]
[Date "2007.08.06"]
[Round "1"]
[White "Gonda, Laszlo"]
[Black "Haldi, Peter"]
[Result "1-0"]
[WhiteElo "2485"]
[BlackElo "2028"]
[PlyCount "67"]
[EventDate "2007.08.06"]
[EventType "swiss"]
[EventRounds "7"]
[EventCountry "SUI"]
[SourceTitle "CBM 119 Extra"]
[Source "ChessBase"]
[SourceDate "2007.09.04"]
[SourceVersion "1"]
[SourceVersionDate "2007.09.04"]
[SourceQuality "1"]

1. d4 d6 2. c4 e5 3. Nf3 e4 4. Ng5 f5 5. Nc3 Be7 6. Nh3 Nf6 7. e3 c6 8. Nf4 Na6 9. Bd2 Nc7 10. Be2 0-0 11. h4 Ne6 12. g3 Kh8 13. Nh5 Nxh5 14. Bxh5 Bd7 15. Be2 Bf6 16. Qb3 Rb8 17. Qa3 Qc7 18. g4 fxg4 19. Nxe4 Be7 20. h5 Ng5 21. Nxg5 Bxg5 22. h6 Bxh6 23. Rxh6 gxh6 24. Bb4 c5 25. dxc5 Qc6 26. 0-0-0 Rxf2 27. Bd3 Rbf8 28. cxd6 g3 29. Qc3+ Kg8 30. e4 g2 31. Qe5 Rf1 32. Qg3+ Kf7 33. Bxf1 gxf1Q 34. Rxf1+ 1-0

[Event "EU-ch Seniors 06th"]
[Site "Davos"]
[Date "2006.08.13"]
[Round "9"]
[White "Haldi, Peter"]
[Black "Fahnenschmidt, Gerhard"]
[Result "0-1"]
[WhiteElo "2011"]
[BlackElo "2150"]
[PlyCount "72"]
[EventDate "2006.08.05"]
[EventType "swiss"]
[EventRounds "9"]
[EventCountry "SUI"]
[SourceTitle "CBM 113 Extra"]
[Source "ChessBase"]
[SourceDate "2006.09.14"]
[SourceVersion "1"]
[SourceVersionDate "2006.09.14"]
[SourceQuality "1"]

1. d4 Nf6 2. Nc3 d5 3. e4 dxe4 4. f3 e6 5. Bg5 Bb4 6. fxe4 h6 7. Bxf6 Qxf6 8. Nf3 c5 9. Bb5+ Bd7 10. 0-0 0-0 11. Ne5 cxd4 12. Rxf6 dxc3 13. Nxd7 Nxd7 14. Rf1 cxb2 15. Rb1 Bc5+ 16. Kh1 Ne5 17. Qh5 Bd4 18. Rbd1 Bc3 19. Qh3 Rac8 20. Ba4 Rc5 21. Bb3 b5 22. Bxe6 fxe6 23. Rxf8+ Kxf8 24. Qxe6 Nf7 25. h4 Bf6 26. Qb3 a5 27. Rd7 Ne5 28. Rb7 Nc4 29. Rxb5 Rxb5 30. Qxb5 Nd2 31. Qb8+ Kf7 32. Qc7+ Kg6 33. h5+ Kh7 34. Qf4 b1Q+ 35. Kh2 Qxc2 36. Qf5+ Kh8 0-1

[Event "EU-ch Seniors 06th"]
[Site "Davos"]
[Date "2006.08.09"]
[Round "5"]
[White "Haldi, Peter"]
[Black "Jentsch, Dieter"]
[Result "1/2-1/2"]
[WhiteElo "2011"]
[BlackElo "2200"]
[PlyCount "40"]
[EventDate "2006.08.05"]
[EventType "swiss"]
[EventRounds "9"]
[EventCountry "SUI"]
[SourceTitle "CBM 113 Extra"]
[Source "ChessBase"]
[SourceDate "2006.09.14"]
[SourceVersion "1"]
[SourceVersionDate "2006.09.14"]
[SourceQuality "1"]

1. d4 d5 2. e4 e6 3. Be3 dxe4 4. Nd2 Nf6 5. f3 Nd5 6. Qe2 Nxe3 7. Qxe3 exf3 8. Ngxf3 Be7 9. Bd3 Nd7 10. 0-0 Nf6 11. Ne5 c6 12. c3 Qc7 13. a4 a5 14. Rae1 Bd7 15. Kh1 h6 16. Qe2 h5 17. h3 h4 18. Ne4 Nxe4 19. Bxe4 Rf8 20. Nxf7 Bf6 1/2-1/2

[Event "EU-ch Seniors 06th"]
[Site "Davos"]
[Date "2006.08.05"]
[Round "1"]
[White "Haldi, Peter"]
[Black "Karl, Hans"]
[Result "0-1"]
[WhiteElo "2011"]
[BlackElo "2240"]
[PlyCount "106"]
[EventDate "2006.08.05"]
[EventType "swiss"]
[EventRounds "9"]
[EventCountry "SUI"]
[SourceTitle "CBM 113 Extra"]
[Source "ChessBase"]
[SourceDate "2006.09.14"]
[SourceVersion "1"]
[SourceVersionDate "2006.09.14"]
[SourceQuality "1"]

1. d4 Nf6 2. Nc3 d5 3. e4 dxe4 4. f3 e3 5. Bxe3 Bf5 6. g4 Bg6 7. h4 h5 8. g5 Nd5 9. Nxd5 Qxd5 10. Qd2 e6 11. Bg2 Nc6 12. Ne2 Bd6 13. c3 e5 14. 0-0 exd4 15. Nxd4 Nxd4 16. Qxd4 Qxd4 17. Bxd4 0-0 18. f4 Bf5 19. Rae1 c6 20. Be4 Bxe4 21. Rxe4 Rfe8 22. Rfe1 Rxe4 23. Rxe4 c5 24. Be3 g6 25. Kf2 b5 26. b4 Rc8 27. a3 a6 28. Bd2 Kf8 29. Ke3 Rc6 30. Kd3 a5 31. c4 cxb4 32. cxb5 Rc5 33. axb4 Rd5+ 34. Rd4 Rxd4+ 35. Kxd4 axb4 36. b6 Ke8 37. Kc4 Kd7 38. Be3 Kc6 39. Kb3 Kb5 40. Kb2 Kc4 41. b7 Bb8 42. Bc1 Kb5 43. Kb3 Bd6 44. Bd2 Kc6 45. b8Q Bxb8 46. Kxb4 Kd5 47. Kb5 Ke4 48. Kc6 Bxf4 49. Be1 Kf3 50. Kd7 Bg3 51. Bd2 Bxh4 52. Ke7 Kg4 53. Kf6 Bg3 0-1

[Event "Lugano op"]
[Site "Lugano"]
[Date "2005.11.20"]
[Round "5"]
[White "Cucchiani, Claudio"]
[Black "Haldi, Peter"]
[Result "1/2-1/2"]
[WhiteElo "2061"]
[BlackElo "1993"]
[PlyCount "64"]
[EventDate "2005.11.18"]
[EventType "swiss"]
[EventRounds "6"]
[EventCountry "SUI"]
[SourceTitle "CBM 109 Extra"]
[Source "ChessBase"]
[SourceDate "2006.01.03"]
[SourceVersion "2"]
[SourceVersionDate "2006.01.03"]
[SourceQuality "1"]

1. Nf3 Nf6 2. d4 g6 3. c4 Bg7 4. g3 d6 5. Nc3 0-0 6. Bg2 Re8 7. e4 e5 8. 0-0 exd4 9. Nxd4 Nbd7 10. h3 Nf8 11. Be3 Ne6 12. Re1 Nxd4 13. Bxd4 Be6 14. b3 Nd7 15. Bxg7 Kxg7 16. Qd4+ Qf6 17. Qxf6+ Nxf6 18. Nb5 Re7 19. e5 dxe5 20. Bxb7 Rb8 21. Bg2 a6 22. Na7 Bd7 23. Nc6 Bxc6 24. Bxc6 Rb6 25. Ba4 Rbe6 26. Rad1 e4 27. Re3 c6 28. Rd8 Rd7 29. Rc8 Rd1+ 30. Kg2 Red6 31. Rxc6 R6d2 32. b4 Rb1 1/2-1/2

[Event "Lugano op"]
[Site "Lugano"]
[Date "2004.11.01"]
[Round "5"]
[White "Haldi, Peter"]
[Black "Paleologu, Vladimir"]
[Result "0-1"]
[WhiteElo "1910"]
[BlackElo "2134"]
[PlyCount "48"]
[EventDate "2004.10.30"]
[EventType "swiss"]
[EventRounds "6"]
[EventCountry "SUI"]
[SourceTitle "EXT 2007"]
[Source "ChessBase"]
[SourceDate "2006.11.23"]
[SourceVersion "1"]
[SourceVersionDate "2006.11.23"]
[SourceQuality "1"]

1. d4 d6 2. e4 Nd7 3. Nc3 e5 4. Nf3 Be7 5. Bc4 Ngf6 6. h3 h6 7. Be3 c6 8. a4 Qc7 9. Bb3 Nf8 10. 0-0 g5 11. dxe5 dxe5 12. Nh2 Be6 13. Qe2 0-0-0 14. Bxa7 g4 15. a5 N6d7 16. Bxe6 Nxe6 17. Nxg4 Rdg8 18. Be3 h5 19. Nh2 Nb8 20. Bb6 Qd7 21. Rad1 Nf4 22. Rxd7 Nxe2+ 23. Nxe2 Nxd7 24. Be3 Bc5 0-1

[Event "Lugano op"]
[Site "Lugano"]
[Date "2003.10.31"]
[Round "6"]
[White "Cruceli, Salvatore"]
[Black "Haldi, Peter"]
[Result "1-0"]
[WhiteElo "2094"]
[BlackElo "1896"]
[PlyCount "51"]
[EventDate "2003.10.31"]
[EventType "swiss"]
[EventRounds "6"]
[EventCountry "SUI"]
[SourceTitle "EXT 2007"]
[Source "ChessBase"]
[SourceDate "2006.11.23"]
[SourceVersion "1"]
[SourceVersionDate "2006.11.23"]
[SourceQuality "1"]

1. d4 Nf6 2. c4 e5 3. dxe5 Ne4 4. a3 b6 5. Nf3 Nc5 6. e3 Bb7 7. Be2 Be7 8. Nc3 a5 9. b3 Nc6 10. Bb2 d6 11. exd6 Qxd6 12. Nd5 0-0 13. 0-0 Rad8 14. Qc2 Rd7 15. Rad1 Qh6 16. b4 Ne6 17. b5 Nb8 18. Ne5 Bd6 19. Ng4 Qg6 20. Qxg6 fxg6 21. Bf3 Nc5 22. Ne5 Rdd8 23. Nd3 Nbd7 24. Nxc5 Nxc5 25. e4 Bxd5 26. Rxd5 1-0

[Event "Lugano op"]
[Site "Lugano"]
[Date "2003.10.31"]
[Round "4"]
[White "Haldi, Peter"]
[Black "Cavadini, Sergio"]
[Result "0-1"]
[WhiteElo "1896"]
[BlackElo "1735"]
[PlyCount "81"]
[EventDate "2003.10.31"]
[EventType "swiss"]
[EventRounds "6"]
[EventCountry "SUI"]
[SourceTitle "EXT 2007"]
[Source "ChessBase"]
[SourceDate "2006.11.23"]
[SourceVersion "1"]
[SourceVersionDate "2006.11.23"]
[SourceQuality "1"]

1. d4 Nf6 2. Nc3 d5 3. e4 dxe4 4. f3 Bf5 5. fxe4 Nxe4 6. Qf3 Nd6 7. Bf4 Bd7 8. Bxd6 exd6 9. 0-0-0 Nc6 10. Bc4 Qg5+ 11. Kb1 Qg6 12. Bd3 f5 13. Nge2 0-0-0 14. Qf2 b6 15. Rhf1 Kb8 16. h3 Be7 17. g4 Qh6 18. Qg2 fxg4 19. hxg4 a5 20. Bf5 Na7 21. Rh1 Bh4 22. Bxd7 Rxd7 23. g5 Qxg5 24. Qh3 Re7 25. Qxh4 Qxh4 26. Rxh4 b5 27. Nc1 b4 28. Nd5 Rf7 29. Rf4 Rxf4 30. Nxf4 Nc6 31. Ne6 g6 32. Rf1 Kb7 33. Rf7 Re8 34. d5 Ne7 35. Ng7 Nxd5 36. Nxe8 h5 37. Rg7 Nf4 38. Nxc7 Kc6 39. Nd3 Nh3 40. Ne6 Ng1 41. Rxg6 0-1